The Japanese enterprise system : Competitive strategies and cooperative structures
This work merges inquiry and interpretation in a study of the evolution and emergence of Japan's leading industrial firms in the twentieth century. It combines historical and organizational analyses with development and strategy studies. This synthesis offers a model of institutional developmen...
Guardat en:
| Autor principal: | |
|---|---|
| Format: | Llibre |
| Idioma: | Undetermined |
| Publicat: |
Oxford
Clarendon Press
1992
|
| Matèries: | |
| Etiquetes: |
Afegir etiqueta
Sense etiquetes, Sigues el primer a etiquetar aquest registre!
|
| Thư viện lưu trữ: | Trung tâm Học liệu Trường Đại học Cần Thơ |
|---|
| LEADER | 01320nam a2200229Ia 4500 | ||
|---|---|---|---|
| 001 | CTU_219054 | ||
| 008 | 210402s9999 xx 000 0 und d | ||
| 082 | |a 338.740952 | ||
| 082 | |b F944 | ||
| 100 | |a Fruin, W. Mark | ||
| 245 | 4 | |a The Japanese enterprise system : | |
| 245 | 0 | |b Competitive strategies and cooperative structures | |
| 245 | 0 | |c W. Mark Fruin | |
| 260 | |a Oxford | ||
| 260 | |b Clarendon Press | ||
| 260 | |c 1992 | ||
| 520 | |a This work merges inquiry and interpretation in a study of the evolution and emergence of Japan's leading industrial firms in the twentieth century. It combines historical and organizational analyses with development and strategy studies. This synthesis offers a model of institutional development under conditions of late economic development and private initiative that falls somewhere between a capitalist development state and a free market economy. Business rather than industrial policy is emphasized, revealing robust institutions and a dynamic to activate and encourage interaction among them. | ||
| 650 | |a Corporations,Entrepreneurship,Tổng công ty,Doanh nhân | ||
| 650 | |x History,History,Lịch sử,Lịch sử | ||
| 650 | |z Japan,Japan,Nhật Bản,Nhật Bản | ||
| 904 | |i Qhieu | ||
| 980 | |a Trung tâm Học liệu Trường Đại học Cần Thơ | ||